Trouvez la capitale mystère avec des indices de couleur - Statistiques

Statistiques générales
  • Ce quiz a été pris 5 579 fois
  • Le résultat moyen est 43 sur 196
Réponses sur la Carte
Les réponses sont colorées sur une échelle allant du rouge au vert en fonction du pourcentage des utilisateurs qui les ont devinées à leur premier essai. Vous pouvez retrouver ces pourcentages ci-dessous.
 
Statistiques - réponses
Pays Capitale % Correct
France Paris
92%
États-Unis Washington
53%
Brésil Brasilia
49%
Russie Moscou
44%
Espagne Madrid
43%
Argentine Buenos Aires
41%
Algérie Alger
40%
Royaume-Uni Londres
39%
Mexique Mexico
39%
Italie Rome
38%
Allemagne Berlin
36%
Pérou Lima
34%
Portugal Lisbonne
34%
Chine Pékin
33%
Maroc Rabat
33%
Bangladesh Dacca
30%
Canada Ottawa
30%
Japon Tokyo
30%
Colombie Bogotá
29%
Bolivie La Paz | Sucre
29%
Chili Santiago
29%
Sénégal Dakar
28%
Afrique du Sud Pretoria | Le Cap | Bloemfontein
28%
Tunisie Tunis
27%
Australie Canberra
26%
Égypte Le Caire
26%
Irlande Dublin
25%
Norvège Oslo
25%
Grèce Athènes
24%
Belgique Bruxelles
24%
Venezuela Caracas
24%
République Démocratique du Congo Kinshasa
24%
Panama Panama
24%
Équateur Quito
24%
Turquie Ankara
23%
Mali Bamako
23%
Suisse Berne
23%
Cuba La Havane
23%
Inde New Delhi
23%
République du Congo Brazzaville
22%
Togo Lomé
22%
Monaco Monaco
22%
Kenya Nairobi
22%
Islande Reykjavik
22%
Nigeria Abuja
21%
Ghana Accra
21%
Pays-Bas Amsterdam
21%
Andorre Andorre-la-Vieille
21%
Paraguay Asunción
21%
Sierra Leone Freetown
21%
Guatemala Guatemala
21%
Finlande Helsinki
21%
Indonésie Jakarta
21%
Ukraine Kiev
21%
Gabon Libreville
21%
Luxembourg Luxembourg
21%
Burkina Faso Ouagadougou
21%
Costa Rica San José
21%
Corée du Sud Séoul
21%
Bulgarie Sofia
21%
Suède Stockholm
21%
Pologne Varsovie
21%
Vatican Vatican
21%
Autriche Vienne
21%
Côte d'Ivoire Yamoussoukro
21%
Cameroun Yaoundé
21%
Madagascar Antananarivo
20%
Thaïlande Bangkok
20%
République Centrafricaine Bangui
20%
Gambie Banjul
20%
Guinée-Bissau Bissau
20%
Roumanie Bucarest
20%
Hongrie Budapest
20%
Guinée Conakry
20%
Danemark Copenhague
20%
Guyana Georgetown
20%
Jamaïque Kingston
20%
Saint-Vincent-et-les-Grenadines Kingstown
20%
Malte La Valette
20%
Angola Luanda
20%
Nicaragua Managua
20%
Mozambique Maputo
20%
Biélorussie Minsk
20%
Liberia Monrovia
20%
Tchad Ndjamena
20%
Niger Niamey
20%
Mauritanie Nouakchott
20%
Suriname Paramaribo
20%
Haïti Port-au-Prince
20%
Bénin Porto-Novo | Cotonou
20%
République Tchèque Prague
20%
Cap-Vert Praia
20%
Arabie Saoudite Riyad
20%
Salvador San Salvador
20%
Singapour Singapour
20%
Honduras Tegucigalpa
20%
Albanie Tirana
20%
Libye Tripoli
20%
Nouvelle-Zélande Wellington
20%
Namibie Windhoek
20%
Croatie Zagreb
20%
Émirats Arabes Unis Abou Dabi
19%
Turkménistan Achgabat
19%
Éthiopie Addis-Abeba
19%
Jordanie Amman
19%
Samoa Apia
19%
Érythrée Asmara
19%
Irak Bagdad
19%
Azerbaïdjan Bakou
19%
Brunei Bandar Seri Begawan
19%
Saint-Christophe- et-Niévès Basseterre
19%
Serbie Belgrade
19%
Belize Belmopan
19%
Liban Beyrouth
19%
Kirghizistan Bichkek
19%
Slovaquie Bratislava
19%
Barbade Bridgetown
19%
Sainte-Lucie Castries
19%
Moldavie Chișinău
19%
Syrie Damas
19%
Timor Oriental Dili
19%
Djibouti Djibouti
19%
Soudan du Sud Djouba
19%
Tanzanie Dodoma
19%
Qatar Doha
19%
Tadjikistan Douchanbé
19%
Arménie Erevan
19%
Tuvalu Funafuti
19%
Botswana Gaborone
19%
Burundi Gitega
19%
Viêt Nam Hanoï
19%
Zimbabwe Harare
19%
Îles Salomon Honiara
19%
Pakistan Islamabad
19%
Israël Jérusalem
19%
Afghanistan Kaboul
19%
Ouganda Kampala
19%
Népal Katmandou
19%
Soudan Khartoum
19%
Rwanda Kigali
19%
Koweït Koweït
19%
Malaisie Kuala Lumpur
19%
Malawi Lilongwe
19%
Slovénie Ljubljana
19%
Zambie Lusaka
19%
Îles Marshall Majuro
19%
Guinée Équatoriale Malabo
19%
Maldives Malé
19%
Bahreïn Manama
19%
Philippines Manille
19%
Oman Mascate
19%
Lesotho Maseru
19%
Eswatini Mbabane
19%
Somalie Mogadiscio
19%
Uruguay Montevideo
19%
Comores Moroni
19%
Bahamas Nassau
19%
Birmanie Naypyidaw
19%
Palaos Ngerulmud
19%
Chypre Nicosie
19%
Kazakhstan Noursoultan
19%
Tonga Nukuʻalofa
19%
Mongolie Oulan-Bator
19%
États Fédérés de Micronésie Palikir
19%
Cambodge Phnom Penh
19%
Monténégro Podgorica
19%
Trinité-et-Tobago Port-d'Espagne
19%
Maurice Port-Louis
19%
Papouasie-Nouvelle-Guinée Port Moresby
19%
Vanuatu Port-Vila
19%
Kosovo Pristina
19%
Corée du Nord Pyongyang
19%
Lettonie Riga
19%
Dominique Roseau
19%
République Dominicaine Saint-Domingue
19%
Grenade Saint George's
19%
Antigua-et-Barbuda Saint John's
19%
Saint-Marin Saint-Marin
19%
Yémen Sanaa
19%
Sao Tomé-et-Principe Sao Tomé
19%
Bosnie-Herzégovine Sarajevo
19%
Macédoine du Nord Skopje
19%
Sri Lanka Sri Jayawardenepura Kotte
19%
Fidji Suva
19%
Ouzbékistan Tachkent
19%
Taïwan Taipei
19%
Estonie Tallinn
19%
Kiribati Tarawa
19%
Géorgie Tbilissi
19%
Iran Téhéran
19%
Bhoutan Thimphou
19%
Liechtenstein Vaduz
19%
Seychelles Victoria
19%
Laos Vientiane
19%
Lituanie Vilnius
19%
Nauru Yaren
19%
Aucun quiz correspondant
Distribution des résultats
% des personnes avec chaque résultat
Percentile par nombre de réponses
Votre historique - résultats
Vous n’avez pas pris ce quiz